<?xml version="1.0" encoding="UTF-8"?>
<record
    xmlns:xsi="http://www.w3.org/2001/XMLSchema-instance"
    xsi:schemaLocation="http://www.loc.gov/MARC21/slim http://www.loc.gov/standards/marcxml/schema/MARC21slim.xsd"
    xmlns="http://www.loc.gov/MARC21/slim">

  <leader>06719nam a22006857a 4500</leader>
  <controlfield tag="001">113641</controlfield>
  <controlfield tag="003">DR-UNIBE</controlfield>
  <controlfield tag="005">20250519094315.0</controlfield>
  <controlfield tag="008">250519b2023    sp ||||| |||| 00| 0 spa d</controlfield>
  <datafield tag="020" ind1=" " ind2=" ">
    <subfield code="a">9788427731356</subfield>
  </datafield>
  <datafield tag="040" ind1=" " ind2=" ">
    <subfield code="a">BIBLIOTECA UNIBE</subfield>
    <subfield code="c">BIBLIOTECA UNIBE</subfield>
    <subfield code="e">rda</subfield>
  </datafield>
  <datafield tag="041" ind1=" " ind2=" ">
    <subfield code="a">spa</subfield>
  </datafield>
  <datafield tag="082" ind1=" " ind2=" ">
    <subfield code="a">371.227 A654s</subfield>
  </datafield>
  <datafield tag="245" ind1="1" ind2="0">
    <subfield code="a">Aprendizaje-servicio : </subfield>
    <subfield code="b">escenarios de aprendizajes &#xE9;ticos y c&#xED;vicos /</subfield>
    <subfield code="c">Tania Alonso Sainz [y otros treita y dos]</subfield>
  </datafield>
  <datafield tag="260" ind1=" " ind2=" ">
    <subfield code="a">Madrid :  </subfield>
    <subfield code="b">Narcea ,</subfield>
    <subfield code="c">2023</subfield>
  </datafield>
  <datafield tag="300" ind1=" " ind2=" ">
    <subfield code="a">239   p&#xE1;ginas</subfield>
  </datafield>
  <datafield tag="490" ind1=" " ind2=" ">
    <subfield code="a">Educaci&#xF3;n hoy y estudios</subfield>
  </datafield>
  <datafield tag="505" ind1=" " ind2=" ">
    <subfield code="a">I. &#xBF;TIENE SENTIDO HABLAR DE &#xC9;TICA EN LA METODOLOG&#xCD;A DE APRENDIZAJE-SERVICIO? | 

1. Formaci&#xF3;n de la &#xE9;tica profesional en la universidad y aprendizaje-servicio | 

2. La reflexi&#xF3;n como eje articulador de pensamiento y acci&#xF3;n en el aprendizaje-servicio en Educaci&#xF3;n Superior  |

3. Aprendizaje-Servicio y &#xE9;ticas del cuidado  |

4. El Aprendizaje-Servicio y la formaci&#xF3;n c&#xED;vico-social de los universitarios: posibilidades y algunas evidencias  |

II. LA FORMACI&#xD3;N DE APRENDIZAJES &#xC9;TICOS Y C&#xCD;VICOS EN PROYECTOS DE ApS : &#xBF;formaci&#xF3;n posible? |

5. &#xBF;Al servicio de qui&#xE9;n? El dilema &#xE9;tico del respeto en el aprendizaje-servicio  |

6. El aprendizaje-servicio  como espacio h&#xED;brido para el di&#xE1;logo y la co-construcci&#xF3;n &#xE9;tica cr&#xED;tica  |

7. Horizontes pedag&#xF3;gicos para la elaboraci&#xF3;n de un c&#xF3;digo &#xE9;tico para el desarrollo del aprendizaje-servicio  en Educaci&#xF3;n Superior  |

8. La falta de solidez &#xE9;tico-c&#xED;vica para un determinado tipo de formaci&#xF3;n &#xE9;tico-c&#xED;vica en aprendizaje-servicio  |

III. APRENDIZAJE-SERVICIO: ESPACIO DE APRENDIZAJES &#xC9;TICOS Y C&#xCD;VICOS  |

9. Integraci&#xF3;n de las metodolog&#xED;as Laboratorio Vivo y aprendizaje-servicio  para la mejora del aprendizaje c&#xED;vico y &#xE9;tico de estudiantes universitarios  |

10. Desarrollo de habilidades y actitudes c&#xED;vicas a trav&#xE9;s del aprendizaje-servicio  en formaci&#xF3;n inicial docente  |

11. &#xBF;Por qu&#xE9; no incluir el humanismo en la ciencia? Revisi&#xF3;n sobre las &#xE9;ticas  |

12. Aprendizaje-servicio y tecnolog&#xED;as emergentes: desaf&#xED;os para la Educaci&#xF3;n Superior |
</subfield>
  </datafield>
  <datafield tag="520" ind1="3" ind2=" ">
    <subfield code="a">Paso a paso, el enfoque del Aprendizaje-Servicio (ApS) se va consolidando en nuestras instituciones de educaci&#xF3;n superior. Las Universidades con este enfoque dan muestra tanto de su responsabilidad social como de su intenci&#xF3;n de ser m&#xE1;s aut&#xE9;nticas y fieles a su propia tradici&#xF3;n e identidad milenarias. Una identidad que no permanece est&#xE1;tica, sino que siendo fiel a s&#xED; misma, evoluciona creativamente ofreciendo respuestas novedosas a las exigencias de los nuevos tiempos. Ahora bien, esta respuesta no solo es positiva para la sociedad, tambi&#xE9;n lo es para los propios estudiantes, que son el centro de la vida acad&#xE9;mica de las Universidades, y para el resto de la comunidad universitaria. Y, como recoge el Pre&#xE1;mbulo de la Ley Org&#xE1;nica del Sistema Universitario (2023), se responde as&#xED; a los desajustes entre el sistema universitario y las necesidades de la sociedad. Una respuesta que explora nuevas v&#xED;as y formas de relaci&#xF3;n con la sociedad desde la docencia, la investigaci&#xF3;n y la transferencia de conocimiento, m&#xE1;s all&#xE1; de par&#xE1;metros comerciales y mercantiles.

En efecto, los proyectos de ApS han evidenciado resultados positivos de aprendizaje en cuanto a conocimientos y competencias espec&#xED;ficas de la titulaci&#xF3;n implicada, junto con las competencias transversales. Las soft skills a partir de las cuales obtenemos las herramientas necesarias para aprender lo que se requiere en cada momento, pero, especialmente, para afrontar las demandas y retos de nuestras sociedades: desde la defensa y promoci&#xF3;n de los derechos humanos, la participaci&#xF3;n y el compromiso c&#xED;vico con la cultura democr&#xE1;tica pasando por saber valorar el trabajo propio y en equipo, el dialogo intercultural, o el compromiso con el medio ambiente.

Este libro es ya el tercer volumen de una l&#xED;nea editorial que empez&#xF3; abordando los retos de la evaluaci&#xF3;n en la aplicaci&#xF3;n del ApS; el segundo libro, tras la pandemia, se centr&#xF3; en el an&#xE1;lisis y explicaci&#xF3;n del aprendizaje-servicio virtual, como una modalidad del ApS con identidad propia. En este tercero afrontamos, de la mano de profesores de varias universidades espa&#xF1;olas, un tema complejo, a la vez que vital: la dimensi&#xF3;n normativa del y en el aprendizaje-servicio; su dimensi&#xF3;n tanto &#xE9;tica como c&#xED;vica que est&#xE1; presente en cada una de estas acciones en las que se promueve la corresponsabilidad de cada estudiante de su propio proceso de aprendizaje y del desarrollo social, econ&#xF3;mico&#x2026; del territorio en el que vive.</subfield>
  </datafield>
  <datafield tag="650" ind1=" " ind2="7">
    <subfield code="2">lemb</subfield>
    <subfield code="a">Aprendizaje</subfield>
  </datafield>
  <datafield tag="650" ind1=" " ind2="7">
    <subfield code="2">lemb</subfield>
    <subfield code="a">Educaci&#xF3;n</subfield>
  </datafield>
  <datafield tag="650" ind1=" " ind2="7">
    <subfield code="2">lemb</subfield>
    <subfield code="a">Profesores</subfield>
  </datafield>
  <datafield tag="650" ind1=" " ind2="7">
    <subfield code="2">lemb</subfield>
    <subfield code="a">Docencia</subfield>
    <subfield code="9">97841</subfield>
  </datafield>
  <datafield tag="653" ind1=" " ind2=" ">
    <subfield code="a">Desarrollo profesional docente</subfield>
  </datafield>
  <datafield tag="700" ind1="1" ind2=" ">
    <subfield code="a"> Ruiz-Corbella, Marta</subfield>
    <subfield code="e">editor</subfield>
    <subfield code="9">195591</subfield>
  </datafield>
  <datafield tag="700" ind1="1" ind2=" ">
    <subfield code="a">Garc&#xED;a-Guti&#xE9;rrez ,  Juan </subfield>
    <subfield code="e">editor</subfield>
    <subfield code="9">165242</subfield>
  </datafield>
  <datafield tag="700" ind1="1" ind2=" ">
    <subfield code="a">Alonso Sainz, Tania</subfield>
    <subfield code="e">autor</subfield>
    <subfield code="9">195604</subfield>
  </datafield>
  <datafield tag="700" ind1="1" ind2=" ">
    <subfield code="a">Aramburuzabala, Pilar </subfield>
    <subfield code="e">autor</subfield>
    <subfield code="9">195605</subfield>
  </datafield>
  <datafield tag="700" ind1="1" ind2=" ">
    <subfield code="a">Escofet, Anna </subfield>
    <subfield code="e">autor</subfield>
    <subfield code="9">195606</subfield>
  </datafield>
  <datafield tag="700" ind1="1" ind2=" ">
    <subfield code="a">Fuentes, Juan Luis</subfield>
    <subfield code="e">autor</subfield>
    <subfield code="9">124029</subfield>
  </datafield>
  <datafield tag="700" ind1="1" ind2=" ">
    <subfield code="a">Garc&#xED;a Laso, Ana </subfield>
    <subfield code="e">autor</subfield>
    <subfield code="9">195607</subfield>
  </datafield>
  <datafield tag="700" ind1="1" ind2=" ">
    <subfield code="a">Garc&#xED;a-Guti&#xE9;rrez, Juan </subfield>
    <subfield code="e">autor</subfield>
    <subfield code="9">165242</subfield>
  </datafield>
  <datafield tag="700" ind1="1" ind2=" ">
    <subfield code="a">Garc&#xED;a-Romero, David </subfield>
    <subfield code="e">autor</subfield>
    <subfield code="9">195608</subfield>
  </datafield>
  <datafield tag="700" ind1="1" ind2=" ">
    <subfield code="a">Gargallo-Garc&#xED;a, Marina </subfield>
    <subfield code="e">autor</subfield>
    <subfield code="9">195609</subfield>
  </datafield>
  <datafield tag="700" ind1="1" ind2=" ">
    <subfield code="a">Gonz&#xE1;lez-Geraldo, Jos&#xE9; Luis</subfield>
    <subfield code="e">autor</subfield>
    <subfield code="9">195610</subfield>
  </datafield>
  <datafield tag="700" ind1="1" ind2=" ">
    <subfield code="a">Herv&#xE1;s Torres, Miriam</subfield>
    <subfield code="e">autor</subfield>
    <subfield code="9">195611</subfield>
  </datafield>
  <datafield tag="700" ind1="1" ind2=" ">
    <subfield code="a">Lalueza, Jos&#xE9; Luis</subfield>
    <subfield code="e">autor</subfield>
    <subfield code="9">195612</subfield>
  </datafield>
  <datafield tag="700" ind1="1" ind2=" ">
    <subfield code="a">Lotti, Patrizia </subfield>
    <subfield code="e">autor</subfield>
    <subfield code="9">195613</subfield>
  </datafield>
  <datafield tag="700" ind1="1" ind2=" ">
    <subfield code="a">Marav&#xE9;-Vivas, Mar&#xED;a </subfield>
    <subfield code="e">autor</subfield>
    <subfield code="9">195614</subfield>
  </datafield>
  <datafield tag="700" ind1="1" ind2=" ">
    <subfield code="a">Mart&#xED;n S&#xE1;nchez, Domingo A.</subfield>
    <subfield code="e">autor</subfield>
    <subfield code="9">195615</subfield>
  </datafield>
  <datafield tag="700" ind1="1" ind2=" ">
    <subfield code="a">Mart&#xED;n-Lucas, Judith </subfield>
    <subfield code="e">autor</subfield>
    <subfield code="9">195616</subfield>
  </datafield>
  <datafield tag="700" ind1="1" ind2=" ">
    <subfield code="a">Mart&#xED;n, Xus</subfield>
    <subfield code="e">autor</subfield>
    <subfield code="9">155000</subfield>
  </datafield>
  <datafield tag="700" ind1="1" ind2=" ">
    <subfield code="a">Mart&#xED;nez-Lozano, Virginia</subfield>
    <subfield code="e">autor</subfield>
    <subfield code="9">195617</subfield>
  </datafield>
  <datafield tag="700" ind1="1" ind2=" ">
    <subfield code="a">Mella-N&#xFA;&#xF1;ez, &#xCD;gor </subfield>
    <subfield code="e">autor</subfield>
    <subfield code="9">195618</subfield>
  </datafield>
  <datafield tag="700" ind1="1" ind2=" ">
    <subfield code="a">Mor&#xED;n-Fraile, Victoria </subfield>
    <subfield code="e">autor</subfield>
    <subfield code="9">195619</subfield>
  </datafield>
  <datafield tag="700" ind1="1" ind2=" ">
    <subfield code="a">Mu&#xF1;oz Ruiz, Emilio </subfield>
    <subfield code="e">autor</subfield>
    <subfield code="9">195620</subfield>
  </datafield>
  <datafield tag="700" ind1="1" ind2=" ">
    <subfield code="a">Ortega Andrade, Hugo Mauricio</subfield>
    <subfield code="e">autor</subfield>
    <subfield code="9">195621</subfield>
  </datafield>
  <datafield tag="700" ind1="1" ind2=" ">
    <subfield code="a">Ortega-L&#xF3;pez, Leticia</subfield>
    <subfield code="e">autor</subfield>
    <subfield code="9">195622</subfield>
  </datafield>
  <datafield tag="700" ind1="1" ind2=" ">
    <subfield code="a">Paz-Lourido, Berta Paz</subfield>
    <subfield code="e">autor</subfield>
    <subfield code="9">195623</subfield>
  </datafield>
  <datafield tag="700" ind1="1" ind2=" ">
    <subfield code="a">Quishpe Quishpe, Luis Miguel</subfield>
    <subfield code="e">autor</subfield>
    <subfield code="9">195624</subfield>
  </datafield>
  <datafield tag="700" ind1="1" ind2=" ">
    <subfield code="a">Ribeiro, &#xC1;lvaro</subfield>
    <subfield code="e">autor</subfield>
    <subfield code="9">195625</subfield>
  </datafield>
  <datafield tag="700" ind1="1" ind2=" ">
    <subfield code="a">Ru&#xED;z-Corbella, Marta </subfield>
    <subfield code="e">autor</subfield>
    <subfield code="9">195591</subfield>
  </datafield>
  <datafield tag="700" ind1="1" ind2=" ">
    <subfield code="a">S&#xE1;ez-Gamb&#xED;n, Daniel</subfield>
    <subfield code="e">autor</subfield>
    <subfield code="9">195581</subfield>
  </datafield>
  <datafield tag="700" ind1="1" ind2=" ">
    <subfield code="a">Salvador-Garc&#xED;a, Celina</subfield>
    <subfield code="e">autor</subfield>
    <subfield code="9">195626</subfield>
  </datafield>
  <datafield tag="700" ind1="1" ind2=" ">
    <subfield code="a">S&#xE1;nchez-Rojo, Alberto</subfield>
    <subfield code="e">autor</subfield>
    <subfield code="9">195627</subfield>
  </datafield>
  <datafield tag="700" ind1="1" ind2=" ">
    <subfield code="a">Santos Rego, Miguel &#xC1;ngel</subfield>
    <subfield code="e">autor</subfield>
    <subfield code="9">195628</subfield>
  </datafield>
  <datafield tag="700" ind1="1" ind2=" ">
    <subfield code="a">Serrate Gonz&#xE1;lez, Sara </subfield>
    <subfield code="e">autor</subfield>
    <subfield code="9">195629</subfield>
  </datafield>
  <datafield tag="700" ind1="1" ind2=" ">
    <subfield code="a">V&#xE1;zquez-Verdera, Victoria</subfield>
    <subfield code="e">autor</subfield>
    <subfield code="9">195630</subfield>
  </datafield>
  <datafield tag="942" ind1=" " ind2=" ">
    <subfield code="2">ddc</subfield>
    <subfield code="c">BK</subfield>
  </datafield>
  <datafield tag="999" ind1=" " ind2=" ">
    <subfield code="c">113647</subfield>
    <subfield code="d">113647</subfield>
  </datafield>
  <datafield tag="952" ind1=" " ind2=" ">
    <subfield code="0">0</subfield>
    <subfield code="1">0</subfield>
    <subfield code="2">ddc</subfield>
    <subfield code="7">0</subfield>
    <subfield code="8">GEN</subfield>
    <subfield code="a">Principal</subfield>
    <subfield code="d">2025-05-19</subfield>
    <subfield code="l">1</subfield>
    <subfield code="o">371.227 A654s</subfield>
    <subfield code="p">250600</subfield>
    <subfield code="r">2025-05-21 09:12:55</subfield>
    <subfield code="s">2025-05-21</subfield>
    <subfield code="t">Ej. 1</subfield>
    <subfield code="w">2025-05-19</subfield>
    <subfield code="y">BK</subfield>
  </datafield>
</record>
